[Event "Olympiad Women 2024"]
[Site "Budapest HUN"]
[Date "2024.09.11"]
[Round "1.25"]
[Board "1"]
[White "Kaslan, Catherine"]
[Black "Klinova, Masha"]
[Result "1/2-1/2"]
[WhiteElo "1902"]
[BlackElo "2227"]
[PlyCount "90"]
[EventDate "2024.09.11"]
[WhiteTeam "Suriname"]
[BlackTeam "Israel"]
[WhiteTeamCountry "SUR"]
[BlackTeamCountry "ISR"]

1. e4 d6 2. d4 Nf6 3. Nc3 g6 4. Be3 c6 5. Qd2 Nbd7 6. O-O-O Bg7 7. f3 e5 ({RR} 7... Qa5 8. g4 b5 9. Kb1 Nb6 10. Bd3 Rb8 11. h4 h5 12. g5 Nfd7 13. f4 Nc4 14. Bxc4 bxc4 15. Ka1 Nb6 16. Nge2 Bg4 17. Rhf1 e6 18. Rde1 O-O 19. Ng3 Na4 20. Nxa4 Qxa4 21. f5 exf5 22. exf5 {1-0 Short,N (2615)-Torre,E (2540) SWIFT-Chess World Championship blitz 1987}) 8. g4 ({RR} 8. Nge2 a5 9. g4 a4 10. h4 exd4 11. Nxd4 Ne5 12. h5 Bd7 13. hxg6 hxg6 14. Rxh8+ Bxh8 15. Bg5 Qa5 16. Kb1 a3 17. Nb3 Qb4 18. Bxf6 Bxf6 19. g5 Bg7 20. f4 axb2 21. fxe5 Bxe5 22. Ne2 Qa3 {0-1 Javadzadeh,K (1717)-Oney,A (2014) Tetraktys Concept Mgmt blitz 2021 (5)}) 8... Qe7 9. h4 h5 10. dxe5 $146 ({RR} 10. g5 Nh7 11. f4 exf4 12. Bxf4 Nb6 13. Qh2 Bg4 14. Bxd6 Qd7 15. Rd2 O-O-O 16. e5 Bf8 17. Ne4 Qe6 18. Ne2 Qxa2 19. N2c3 Qa1+ 20. Nb1 Be6 21. b3 Bxd6 22. Nxd6+ Rxd6 23. exd6 Nd5 24. c4 Nc3 {½-½ Ter Sahakyan,S (2516)-Kalashian,D (2441) Jermuk Asrian Memorial 3rd 2010 (9)}) 10... dxe5 11. g5 Nh7 12. Bh3 O-O 13. Bxd7 Rd8 14. Qf2 Rxd7 15. Rxd7 Bxd7 16. Bxa7 b5 17. Bc5 Qe8 18. Nge2 Nf8 19. a3 Ne6 20. Rd1 Nxc5 21. Qxc5 Bf8 22. Qb6 Qc8 23. f4 exf4 24. Nxf4 Bg4 25. Rd3 Rb8 26. Qe3 b4 27. axb4 Rxb4 28. e5 Bf5 29. Rd1 Qb8 30. b3 Bg7 31. Re1 Rb7 32. Qc5 Qe8 33. Ne4 Bxe4 34. Rxe4 Rb5 35. Qe3 Rxe5 36. Rxe5 Qxe5 37. Qxe5 Bxe5 38. Ng2 f6 39. gxf6 Kf7 40. Kd2 Kxf6 41. Ke3 g5 42. Kf3 gxh4 43. Nxh4 Kg5 44. Ng2 Bc3 45. Ne3 h4 1/2-1/2

[Event "Olympiad Women 2024"]
[Site "Budapest HUN"]
[Date "2024.09.11"]
[Round "1.25"]
[Board "2"]
[White "Orian, Noga"]
[Black "Kaslan, Victoria"]
[Result "1-0"]
[WhiteElo "2187"]
[BlackElo "1726"]
[PlyCount "75"]
[EventDate "2024.09.11"]
[WhiteTeam "Israel"]
[BlackTeam "Suriname"]
[WhiteTeamCountry "ISR"]
[BlackTeamCountry "SUR"]

1. d4 Nf6 2. c4 e6 3. Nc3 Bb4 4. e3 d5 5. cxd5 exd5 6. Bd3 O-O 7. a3 Be7 ({RR} 7... Bd6 8. Qc2 c6 9. Nge2 Re8 10. Bd2 Nbd7 11. f3 c5 12. h4 Nb6 13. g4 Nc4 14. Bxc4 dxc4 15. d5 Rb8 16. h5 b5 17. g5 Nd7 18. f4 Bf8 19. h6 g6 20. Rd1 Nb6 21. Kf2 b4 22. Ne4 {0-1 Donchenko,A (2643)-Gukesh,D (2725) 86th Tata Steel Masters 2024 (10.5)}) 8. Nge2 b6 9. O-O Bb7 $146 ({RR} 9... c5 10. Nf4 Bb7 11. Qf3 Bd6 12. dxc5 bxc5 13. Rd1 Nbd7 14. Nfxd5 Nxd5 15. Nxd5 Ne5 16. Qe4 f5 17. Nf6+ Qxf6 18. Qxb7 Rab8 19. Qd5+ Kh8 20. Be2 Rfd8 21. f4 Ng4 22. Bxg4 Bxf4 23. Qf3 fxg4 24. Rxd8+ {½-½ Raja,R (2511)-Ioannidis,E (2501) TCh-TUR Super League 2024 (9.38)}) 10. b4 Nbd7 11. Rb1 a5 12. b5 Re8 13. Qc2 Ne4 14. Bb2 Bd6 15. Nf4 Nxc3 16. Qxc3 Nf6 17. Rbe1 Qd7 18. f3 c6 19. bxc6 Bxc6 20. Kh1 Bb5 21. Qb3 Ba4 22. Qa2 Bxf4 23. exf4 Rxe1 24. Rxe1 Qd6 25. Re5 Bc6 26. Qb1 g6 27. Qc1 Nd7 28. Re2 Ba4 29. f5 Kg7 30. Qg5 Qf6 31. Qf4 g5 32. Qe3 Rc8 33. f4 h6 34. Qg3 Kh7 35. Qf3 Qc6 36. h3 Bb3 37. fxg5 Rg8 38. f6+ 1-0

[Event "Olympiad Women 2024"]
[Site "Budapest HUN"]
[Date "2024.09.11"]
[Round "1.25"]
[Board "3"]
[White "Kaslan, Alexandra"]
[Black "Levitan, Ronit"]
[Result "0-1"]
[WhiteElo "1675"]
[BlackElo "2137"]
[PlyCount "104"]
[EventDate "2024.09.11"]
[WhiteTeam "Suriname"]
[BlackTeam "Israel"]
[WhiteTeamCountry "SUR"]
[BlackTeamCountry "ISR"]

1. d4 Nf6 2. c4 e6 3. Nc3 d5 4. e3 Be7 5. Nf3 O-O 6. cxd5 exd5 7. Bd3 b6 8. O-O Nbd7 9. a3 Bb7 ({RR} 9... c5 10. dxc5 bxc5 11. b3 Bb7 12. Bb2 Re8 13. Ne2 Nf8 14. Ng3 g6 15. Rc1 Ne6 16. Bb5 Rf8 17. Qe2 a6 18. Bd3 Qb6 19. Rb1 Rfd8 20. b4 c4 21. Bc2 Rac8 22. Bc3 Ne4 23. Ba1 c3 24. Rfd1 {½-½ Nakamura,H (2736)-Oparin,G (2652) Speed Chess Super Swiss blitz 2020 (14)}) 10. b4 Ne4 ({RR} 10... c5 11. dxc5 bxc5 12. bxc5 Nxc5 13. Be2 Rc8 14. Bb2 h6 15. Nd4 Bd6 16. Ncb5 Bb8 17. Rc1 a6 18. Nc3 Qd6 19. g3 Ne6 20. Bf3 Ng5 21. Bg2 Rfe8 22. Re1 h5 23. Nce2 h4 24. Nf5 Qb6 25. Bd4 {1-0 Hartjes,J (1685)-Meffert,C (1733) World Rapid Team 2023 (7.15)}) 11. Bb2 a6 $146 ({RR} 11... f5 12. Ne2 Ndf6 13. Ne5 Nd6 14. Nf4 Qc8 15. Rc1 g5 16. Ne2 Nde8 17. Ng3 Ne4 18. Ne2 Qe6 19. f3 N4d6 20. Qc2 b5 21. Ng3 Rc8 22. Qe2 Nc4 23. Nh1 Ned6 24. Rc2 Bf6 25. f4 gxf4 26. exf4 {1-0 Slang,H (1400)-Thogersen,A (1400) Hostturnering 1993}) 12. Qc2 f5 13. Ne2 Bd6 14. Rac1 Rc8 15. Nf4 Qe7 16. Qb3 Ndf6 17. Ne5 g5 18. Bxe4 fxe4 19. Ne2 Nd7 20. Nxd7 Qxd7 21. Ng3 Qe6 22. Qd1 Rf6 23. Qh5 h6 24. h3 Rcf8 25. Qg4 Qf7 26. Qh5 Rxf2 27. Qxf7+ R2xf7 28. Rxf7 Rxf7 29. Ne2 Bc8 30. Nc3 Be6 31. Re1 Kg7 32. Nxe4 dxe4 33. d5+ Kg6 34. dxe6 Re7 35. g4 Rxe6 36. Rd1 h5 37. Rd5 hxg4 38. hxg4 Re7 39. Bd4 Rh7 40. Kf1 Rh1+ 41. Ke2 Rh2+ 42. Kd1 Rg2 43. Bxb6 Rxg4 44. Bc5 Rg1+ 45. Ke2 Bxc5 46. Rxc5 Rg2+ 47. Kf1 Ra2 48. Rc6+ Kf5 49. Rxa6 Kg4 50. Rc6 Kf3 51. Kg1 g4 52. Rxc7 Ra1+ 0-1

[Event "Olympiad Women 2024"]
[Site "Budapest HUN"]
[Date "2024.09.11"]
[Round "1.25"]
[Board "4"]
[White "Kochavi, Dana"]
[Black "Wu, Elise"]
[Result "1-0"]
[WhiteElo "2009"]
[BlackElo "1595"]
[PlyCount "69"]
[EventDate "2024.09.11"]
[WhiteTeam "Israel"]
[BlackTeam "Suriname"]
[WhiteTeamCountry "ISR"]
[BlackTeamCountry "SUR"]

1. e4 {ChessBase II} e5 2. Nf3 Nc6 3. Bb5 a6 4. Ba4 b5 5. Bb3 Nf6 6. O-O d6 7. Re1 Be7 8. a4 ({RR} 8. c3) 8... b4 9. a5 O-O 10. c3 ({RR} 10. d4) 10... Re8 $146 ({RR} 10... Bg4 11. d4 exd4 12. cxd4 d5 13. e5 Ne4 14. Nbd2 Nxd4 15. Nxe4 Nxb3 16. Nf6+ Bxf6 17. Qxb3 Be7 18. Nd4 Qd7 19. Qg3 ({RR} 19. h3 Be6 ({RR} 19... Bf5 20. Nxf5 Qxf5 21. Qxd5)) 19... c5 20. h3 Bf5 ({RR} 20... cxd4 21. hxg4 Rac8) 21. Nf3 d4 22. Bg5 Rfe8 23. Rac1 Rac8 24. Nd2 d3 25. Rcd1 {0-1 Alekhine,A-Vidmar,M Match Alekhine-Vidmar +1-1=0 blitz 1935} ({RR} 25. Nc4) {RR} 25... Bxg5 26. Qxg5 c4) ({RR} 10... Be6 11. Bxe6 fxe6 12. d4 bxc3 13. bxc3 exd4 14. cxd4 d5 15. e5 Nd7 16. Nbd2 Rb8 17. Ba3 Bxa3 18. Rxa3 Rb5 19. Qe2 h6 20. h3 Rf7 21. Rc1 Ndb8 22. Qd3 Nxa5 23. Rac3 Nd7 24. Qg6 Nf8 25. Qc2 {0-1 Caruana,F (2818)-Aronian,L (2765) Saint Louis Rapid 2019 (7)}) ({RR} 10... Be6 11. d4 Bxb3 12. Qxb3 Qb8 13. Qa4 Qb7 14. d5 Na7 15. Nbd2 c6 16. dxc6 Nxc6 17. Nc4 Rab8 18. Bg5 Qb5 19. Qxb5 Rxb5 20. Bxf6 gxf6 21. Red1 Rd8 22. Rd5 f5 23. Nb6 fxe4 24. Nd2 Rxd5 25. Nxd5 {0-1 Ootes,L (2388)-Guerra Mendez,J (2500) TCh-CAT Gp1 2024 (3.2)}) ({RR} 10... Bb7 11. d4 bxc3 12. Nxc3 Rb8 13. Ra4 Nxd4 14. Nxd4 exd4 15. Rxd4 c5 16. Ra4 Bc6 17. Ra3 Rb4 18. Qd3 Qa8 19. Bc4 Re8 20. f3 Bf8 21. Rd1 Nd7 22. Bd5 Nf6 23. Bc4 Nd7 24. Bf4 Rxb2 25. Bxa6 {1-0 Bertok,M-Averbakh,Y Match/Nation YUG-URS 28,5-31,5 1961 (1.5)}) 11. Ng5 Rf8 12. d4 bxc3 13. bxc3 exd4 14. cxd4 Rb8 15. Nc3 h6 16. Nf3 Bg4 17. Be3 Qc8 18. Bc4 Re8 19. Qe2 Nb4 20. h3 Bxf3 21. Qxf3 Nc2 22. e5 Nxe1 23. Rxe1 d5 24. exf6 dxc4 25. fxe7 Rxe7 26. Nd5 Re8 27. Rc1 Rb5 28. Rxc4 Rxa5 29. Rxc7 Qe6 30. Rc5 Ra1+ 31. Kh2 Rb8 32. Rc6 Qd7 33. Nf6+ gxf6 34. Qg3+ Kh7 35. Rxf6 1-0

[Event "Olympiad Women 2024"]
[Site "Budapest HUN"]
[Date "2024.09.11"]
[Round "1.26"]
[Board "1"]
[White "Francisco Guecamburu, Candela Be"]
[Black "Laamim, Roaa"]
[Result "1-0"]
[WhiteElo "2294"]
[BlackElo "1879"]
[PlyCount "45"]
[EventDate "2024.09.11"]
[WhiteTeam "Argentina"]
[BlackTeam "Morocco"]
[WhiteTeamCountry "ARG"]
[BlackTeamCountry "MAR"]

1. e4 e5 2. Nf3 Nc6 3. Nc3 Nf6 4. Bb5 d6 5. d4 exd4 6. Nxd4 Bd7 7. Bxc6 bxc6 8. Qf3 c5 9. Nf5 g6 ({RR} 9... h6 10. Bf4 Rb8 11. O-O-O g6 12. Ne3 Nh5 13. e5 Nxf4 14. Qxf4 Rb4 15. Qf3 Bg7 16. exd6 cxd6 17. Rxd6 O-O 18. Ned5 Qg5+ 19. Kb1 Be6 20. Re1 Bxd5 21. Rxd5 Qh4 22. Re4 Qxh2 23. a3 Rb6 24. Rxc5 {1-0 Sutovsky,E (2700)-Guliev,S (2500) Baku op-A 2011 (9)}) 10. Bg5 Bxf5 ({RR} 10... gxf5 11. e5 dxe5 12. Bxf6 Qxf6 13. Qxa8+ Qd8 14. Qxd8+ Kxd8 15. O-O-O Bd6 16. Nd5 Bc6 17. Ne3 f4 18. Nc4 Ke7 19. f3 Bb5 20. Nxd6 cxd6 21. Rd2 f5 22. g3 Bc6 23. Rf2 Rg8 24. gxf4 exf4 25. Re1+ {1-0 Orazalina,N (1428)-Sneha Halder (1807) World Youth Girls U14 2023 (8.10)}) 11. Bxf6 $146 ({RR} 11. e5 dxe5 12. Bxf6 Qxf6 13. Qxa8+ Qd8 14. Qxa7 Bd6 15. O-O-O O-O 16. Qb7 Qh4 17. g3 Qc4 18. Rhe1 Bc8 19. Qb5 Qb4 20. a3 Qg4 21. Ne4 Qf5 22. Rd2 Be7 23. Kb1 Qh5 24. h4 f5 25. Nxc5 e4 {1-0 Sanal,V (2243)-Carasiov,A (1814) EU-chT U18 Iasi 2011 (7.2)}) ({RR} 11. exf5 Be7 12. O-O-O O-O 13. Rhe1 Nd5 14. Rxe7 Nxe7 15. Nd5 f6 16. Nxf6+ Kg7 17. Qc3 Kf7 18. Nxh7 Qd7 19. Qf6+ Kg8 20. Nxf8 Rxf8 21. Qxe7 Qxf5 22. Be3 {1-0 Amanov,Z (2339)-Malygin,V (1995) Almaty op 2019 (1)}) 11... Qxf6 12. exf5 Rc8 13. Qc6+ Kd8 14. O-O Qxf5 15. Rad1 Bg7 16. Ne4 Qd7 17. Qb7 Ke7 18. Rfe1 Be5 19. f4 Bd4+ 20. Rxd4 cxd4 21. Nc5+ Qe6 22. Nxe6 fxe6 23. Qd5 1-0

[Event "Olympiad Women 2024"]
[Site "Budapest HUN"]
[Date "2024.09.11"]
[Round "1.26"]
[Board "2"]
[White "Chemaou lilya"]
[Black "Borda Rodas, Anapaola S."]
[Result "0-1"]
[WhiteElo "1565"]
[BlackElo "2216"]
[PlyCount "42"]
[EventDate "2024.09.11"]
[WhiteTeam "Morocco"]
[BlackTeam "Argentina"]
[WhiteTeamCountry "MAR"]
[BlackTeamCountry "ARG"]

1. e4 e5 2. Nc3 Nc6 3. Bc4 Nf6 4. d3 Na5 5. Bb3 Nxb3 6. axb3 d5 7. Bg5 ({RR} 7. Nf3 dxe4 8. Nxe5 exd3 9. O-O Be7 10. Nxd3 Bg4 11. Qd2 O-O 12. Re1 Bf5 13. Qe3 Re8 14. Qf3 Bxd3 15. Rd1 Bb4 16. Bg5 Bxc3 17. bxc3 Be2 18. Rxd8 Bxf3 19. Rxa8 Rxa8 20. gxf3 Ne8 21. Rd1 Nd6 {0-1 Artemiev,V (2709)-Carlsen,M (2847) DM Carlsen-Artemiev blitz 2021 (17)}) 7... d4 8. Nd5 Be6 ({RR} 8... c6 9. Nxf6+ gxf6 10. Bh4 Bb4+ 11. Kf1 h5 12. Qf3 Be7 13. h3 Be6 14. Ne2 f5 15. Bxe7 Qxe7 16. exf5 Bd5 17. Qg3 Kd7 18. f3 Qf6 19. c4 dxc3 20. bxc3 Qxf5 21. c4 Be6 22. Rd1 c5 23. Qf2 {½-½ Otazo,A (1976)-Padmini,R (2348) BRICS Games Rapid Women 2024 (8.4)}) 9. Qf3 $146 ({RR} 9. Nxf6+ gxf6 10. Bh4 Rg8 11. h3 Rg6 12. g4 Rh6 13. Bg3 Qd7 14. f3 Bb4+ 15. Kf1 Rg6 16. Ne2 h5 17. Bf2 Bd6 18. Ng3 hxg4 19. fxg4 a6 20. Nf5 O-O-O 21. Qd2 Rh8 22. Ke2 Bf8 23. Kf3 Bxf5 {0-1 Uzhva,A (2288)-Lushenkov,M (2430) RUS-ch Students 2009 (3)}) ({RR} 9. Nxf6+ gxf6 10. Bd2 Rg8 11. g3 a6 12. Qh5 Qd7 13. f4 exf4 14. gxf4 f5 15. Nf3 fxe4 16. dxe4 Bg4 17. Qe5+ Be7 18. Nxd4 O-O-O 19. Bc3 c5 20. Nf5 Bh4+ 21. Nxh4 Qb5 22. Nf3 Bxf3 23. Qf5+ Kb8 {0-1 Alfonso Abrego,S (1744)-Perez Marchal,J (1944) Navarra-ch Pamplona 2014 (2)}) 9... Bxd5 10. Bxf6 Qxf6 11. exd5 Bb4+ 12. Ke2 Qd6 13. Qg3 O-O 14. h4 Qxd5 15. Qf3 e4 16. dxe4 Rfe8 17. Kd1 Rxe4 18. Ne2 Rae8 19. Rxa7 d3 20. cxd3 Qxb3+ 21. Kc1 Rxe2 0-1

[Event "Olympiad Women 2024"]
[Site "Budapest HUN"]
[Date "2024.09.11"]
[Round "1.26"]
[Board "3"]
[White "Amura, Claudia"]
[Black "El Harrak, Maryam"]
[Result "1-0"]
[WhiteElo "2191"]
[BlackElo "1639"]
[PlyCount "65"]
[EventDate "2024.09.11"]
[WhiteTeam "Argentina"]
[BlackTeam "Morocco"]
[WhiteTeamCountry "ARG"]
[BlackTeamCountry "MAR"]

1. d4 Nf6 2. c4 d5 3. cxd5 Nxd5 4. Nf3 g6 5. e4 Nf6 6. Nc3 Bg7 7. h3 O-O 8. Bc4 ({RR} 8. Be3 a6 9. Bd3 c5 10. dxc5 Nbd7 11. O-O Qc7 12. Na4 Nh5 13. Qc1 Ne5 14. Be2 Nxf3+ 15. Bxf3 Be6 16. Nb6 Rad8 17. Nd5 Bxd5 18. exd5 Qe5 19. Rd1 Nf6 20. Qc4 h6 21. Rab1 Kh7 22. b4 Qf5 {1-0 Kozul,Z (2632)-Shabanaj,S (2121) Durres op 2014 (2)}) ({RR} 8. Be2 c6 9. O-O b5 10. a3 a6 11. Be3 Bb7 12. Rc1 Nbd7 13. Qd2 Nb6 14. b3 a5 15. e5 Nfd5 16. Ne4 Nxe3 17. fxe3 Bh6 18. Nc5 Bc8 19. g4 Bg7 20. e4 f6 21. exf6 exf6 22. Qe3 Qe7 {1-0 Fedotov,N (2311)-Deveci,H (2267) Titled Tue 2nd Jul Early 2024 (2)}) 8... b6 9. Qe2 $146 ({RR} 9. O-O Ba6 10. Qe2 Bxc4 11. Qxc4 Nbd7 12. Bf4 c5 13. d5 a6 14. a4 Ne8 15. e5 Nc7 16. Rad1 Qc8 17. Rfe1 Re8 18. Ng5 b5 19. axb5 axb5 20. Nxb5 Nxb5 21. Qxb5 Rb8 22. Qe2 Rb4 23. g3 Qb7 {1-0 Shapiro,D (2284)-Ndirangu,J (1671) Titled Tuesday intern op 16th Nov blitz 2021 (3)}) ({RR} 9. O-O Bb7 10. Bf4 Nxe4 11. Nxe4 Bxe4 12. Re1 Bb7 13. Ne5 e6 14. Qg4 Qxd4 15. Rad1 Qc5 16. Bxe6 Bxe5 17. Rxe5 Qe7 18. Bd5 {1-0 Thieme Garmann,A-Schmidt,R Koblenz SV KO op 1990}) 9... Bb7 10. O-O a5 11. Rd1 c6 12. a4 e6 13. Bg5 Qc7 14. Rac1 Nbd7 15. e5 Nd5 16. Nxd5 exd5 17. Bxd5 Rfe8 18. Qc4 Kh8 19. Bxf7 Rec8 20. Be6 Ba6 21. Qc2 Bb7 22. h4 Re8 23. Bd5 Rac8 24. h5 Qb8 25. Bf7 Rf8 26. hxg6 c5 27. Qf5 Bxf3 28. gxf3 Qb7 29. Qh3 h6 30. Bxh6 Rxf7 31. Bxg7+ Kxg7 32. Qh7+ Kf8 33. Qxf7# 1-0

[Event "Olympiad Women 2024"]
[Site "Budapest HUN"]
[Date "2024.09.11"]
[Round "1.27"]
[Board "1"]
[White "Chen, Chi"]
[Black "Ouellet, Maili-Jade"]
[Result "0-1"]
[WhiteElo "1746"]
[BlackElo "2318"]
[PlyCount "54"]
[EventDate "2024.09.11"]
[WhiteTeam "Chinese Taipei"]
[BlackTeam "Canada"]
[BlackTeamCountry "CAN"]

1. d4 d5 2. Nf3 Nf6 3. c4 e6 4. Nc3 dxc4 5. Bg5 a6 6. a4 Nc6 7. e3 ({RR} 7. e4 Na5 8. Qc2 Be7 9. Rd1 h6 10. Bxf6 Bxf6 11. e5 Be7 12. d5 O-O 13. dxe6 Qe8 14. exf7+ Qxf7 15. Nd5 b5 16. Be2 Be6 17. Nxe7+ Qxe7 18. O-O Nb3 19. Qc3 Rad8 20. Nd4 Nxd4 21. Rxd4 Rxd4 {½-½ Mamedyarov,S (2817)-Anand,V (2773) Tata Steel India rapid 2018 (6)}) 7... Na5 8. Ne5 Bb4 ({RR} 8... c5 9. Nxc4 Nxc4 10. Bxc4 cxd4 11. exd4 Be7 12. O-O O-O 13. Qd3 Bd7 14. Rad1 Qa5 15. Qe3 Ng4 16. Qf3 Qxg5 17. h3 Nf6 18. Qxb7 Rfc8 19. Bxa6 Bc6 20. f4 {0-1 Koseski,D (1906)-Krzywda,A (2208) Jana Maciei Mem 2024 (2.39)}) 9. Bxc4 $146 ({RR} 9. Nxc4 Qd5 10. Bxf6 gxf6 11. Nd2 Qf5 12. Be2 Bd7 13. O-O Rg8 14. Bf3 Bc6 15. e4 Qf4 16. Qe2 O-O-O 17. Qe3 Qd6 18. d5 Bc5 19. Qd3 Be8 20. Nc4 Nxc4 21. Qxc4 Qf4 22. Qxc5 Qxf3 23. g3 b6 {1-0 Wirthensohn,H (2317)-Grothe,T (2304) Oberliga Baden 1617 2016 (2.2)}) ({RR} 9. Be2 c5 10. dxc5 Qc7 11. Bxf6 gxf6 12. Nxc4 Qxc5 13. Nd2 Bxc3 14. bxc3 f5 15. O-O Bd7 16. Nf3 Ke7 17. Qd4 Qxd4 18. cxd4 f6 19. Rfb1 Bc6 20. Nd2 Rhd8 21. Bf3 Bxf3 22. Nxf3 Rac8 23. Kf1 Rc2 {½-½ Foisor,S (2274)-Gagare,S (2100) Rilton Cup 49th 2019 (6)}) 9... Nxc4 10. Nxc4 Qd5 11. Bxf6 Bxc3+ 12. bxc3 gxf6 13. Qe2 Qxg2 14. Kd2 Bd7 15. Rhg1 Qh3 16. Rg3 Qh4 17. Rg4 Qh6 18. Na5 b6 19. Qf3 Ke7 20. Nb3 f5 21. Rg3 Qh4 22. Kd3 Rad8 23. Nd2 h5 24. e4 Bc6 25. Rh3 fxe4+ 26. Nxe4 Bxe4+ 27. Qxe4 Qxh3+ 0-1

[Event "Olympiad Women 2024"]
[Site "Budapest HUN"]
[Date "2024.09.11"]
[Round "1.27"]
[Board "2"]
[White "Li, Yunshan"]
[Black "Shih, Ching-An"]
[Result "1-0"]
[WhiteElo "2268"]
[BlackElo "1734"]
[PlyCount "118"]
[EventDate "2024.09.11"]
[WhiteTeam "Canada"]
[BlackTeam "Chinese Taipei"]
[WhiteTeamCountry "CAN"]

1. d4 Nf6 2. c4 e6 3. g3 d5 4. Bg2 Bb4+ 5. Bd2 Bxd2+ 6. Nxd2 O-O 7. Ngf3 Nbd7 8. O-O Re8 9. Qc2 c6 10. e4 dxe4 11. Nxe4 Nxe4 12. Qxe4 c5 13. Rfd1 $146 ({RR} 13. Rad1 Qb6 14. Qc2 cxd4 15. Rxd4 e5 16. Rd5 e4 17. Ng5 Nf6 18. Bxe4 h6 19. Bh7+ Kf8 20. Rb5 Qc6 21. Nxf7 Bh3 22. f3 Kxf7 23. Bg6+ Kg8 24. Bxe8 Rxe8 25. Qb3 Bxf1 26. Kxf1 Qd7 {0-1 Webster,R (1942)-Punnett,A (2032) BCF-chT 2122 (4NCL) 2021 (11.132)}) 13... Qe7 14. Rac1 cxd4 15. Nxd4 Nf6 16. Qe2 e5 17. Re1 Bg4 18. Qc2 Qd7 19. Nb5 a6 20. Nc3 Rad8 21. Qb3 Rb8 22. c5 h6 23. Nd5 Nxd5 24. Qxd5 Qb5 25. b3 Qa5 26. c6 Qxd5 27. Bxd5 bxc6 28. Rxc6 Rbd8 29. Bc4 Bf3 30. Rxa6 Rd2 31. Ra7 Rf8 32. a4 e4 33. Re7 g5 34. a5 Rfd8 35. Rxf7 Kh8 36. a6 Rd1 37. Rf1 Rxf1+ 38. Bxf1 Kg8 39. Rc7 g4 40. Rc1 e3 41. fxe3 Rd2 42. b4 Rb2 43. b5 Kf8 44. b6 Rxb6 45. a7 Ke7 46. Rc8 Rb3 47. a8=Q Bxa8 48. Rxa8 Rxe3 49. Ra6 h5 50. Rh6 Re5 51. Bd3 Kf7 52. Bg6+ Kg7 53. Rxh5 Re1+ 54. Kf2 Ra1 55. Bf5 Ra2+ 56. Ke3 Ra3+ 57. Kf4 Ra4+ 58. Kg5 Ra5 59. Kxg4 Ra4+ 1-0

[Event "Olympiad Women 2024"]
[Site "Budapest HUN"]
[Date "2024.09.11"]
[Round "1.27"]
[Board "3"]
[White "Chen, I-Chen"]
[Black "Pham, Bich Ngoc"]
[Result "0-1"]
[WhiteElo "1771"]
[BlackElo "2199"]
[PlyCount "88"]
[EventDate "2024.09.11"]
[WhiteTeam "Chinese Taipei"]
[BlackTeam "Canada"]
[BlackTeamCountry "CAN"]

1. e4 c5 2. Nf3 e6 3. d4 cxd4 4. Nxd4 a6 5. Bd3 Bc5 6. Nb3 Ba7 7. O-O Ne7 8. Nc3 Nbc6 9. Qe1 ({RR} 9. Kh1 O-O 10. f4 d5 11. e5 f6 12. exf6 Rxf6 13. Ne2 Nf5 14. Bxf5 Rxf5 15. Ned4 Nxd4 16. Nxd4 Bxd4 {½-½ Leko,P (2630)-Ehlvest,J (2660) EU-ch Rapid-30' 1996}) ({RR} 9. Re1 d6 10. Be3 Ng6 11. Qd2 O-O 12. Rad1 Qc7 13. Bxa7 Rxa7 14. Qe3 Ra8 15. Bf1 Rd8 16. Qg3 b5 17. Rd2 b4 18. Nd1 a5 19. Ne3 Nce7 20. Red1 e5 21. Bc4 Bb7 22. Qf3 Nc8 23. Bd5 Nf4 {1-0 Mandalka,J (1406)-Dordevic,T (1795) Bayern Jubilar U12 2022 (3)}) 9... O-O 10. Be3 $146 ({RR} 10. Kh1 b5 11. Be3 d6 12. Rd1 e5 13. f3 Be6 14. Bxa7 Rxa7 15. Qh4 Nb4 16. Rf2 Qb6 17. Rfd2 Ng6 18. Qe1 Rd7 19. Bf1 Rc8 20. a3 Nxc2 21. Rxc2 Bxb3 22. Nd5 Qd8 23. Rxc8 Qxc8 24. Rc1 Qb7 {0-1 Wittwer,M (2093)-Rotstein,A (2514) Liechtenstein op 21st 2003 (1)}) 10... b5 11. Bxa7 Rxa7 12. e5 b4 13. Na4 d6 14. Qe4 g6 15. exd6 Qxd6 16. Rad1 Qe5 17. Rfe1 Qxe4 18. Bxe4 e5 19. Rd6 Rc7 20. Nac5 a5 21. f3 Kg7 22. Bd3 Nf5 23. Rd5 h5 24. Ba6 Nfe7 25. Rd6 a4 26. Nd2 Nf5 27. Rd5 Nce7 28. Rdxe5 Bxa6 29. Nxa6 Rxc2 30. Nf1 Rxb2 31. Rxe7 Nxe7 32. Rxe7 Rc8 33. Re4 Rc1 34. Rxb4 Rxa2 35. Re4 Raa1 36. Kf2 Rxf1+ 37. Kg3 Rfe1 38. Rc4 Re2 39. Nb4 Rg1 40. Nd3 Rgxg2+ 41. Kf4 Rxh2 42. Rb4 Rh4+ 43. Kg3 Rxb4 44. Nxb4 a3 0-1

[Event "Olympiad Women 2024"]
[Site "Budapest HUN"]
[Date "2024.09.11"]
[Round "1.27"]
[Board "4"]
[White "Demchenko, Svitlana"]
[Black "Tsai, Sophie Yi-Hsuan"]
[Result "1-0"]
[WhiteElo "2167"]
[BlackElo "1668"]
[PlyCount "69"]
[EventDate "2024.09.11"]
[WhiteTeam "Canada"]
[BlackTeam "Chinese Taipei"]
[WhiteTeamCountry "CAN"]

1. e4 c5 2. Nf3 g6 3. Bc4 Bg7 4. c3 d6 5. d4 cxd4 6. cxd4 Nf6 7. Nc3 O-O 8. Bb3 Nbd7 ({RR} 8... Nc6 9. h3 b5 10. O-O b4 11. Nd5 Nxd5 12. Bxd5 Bb7 13. Be3 Rc8 14. Qa4 e6 15. Bb3 Na5 16. Nd2 d5 17. Rfc1 Nxb3 18. axb3 Rxc1+ 19. Rxc1 dxe4 20. Qxa7 Bd5 21. Rc7 Qa8 22. Nc4 Qxa7 23. Rxa7 {0-1 Van Foreest,J (2701)-Carlsen,M (2847) Carlsen Inv Prelim rapid 2021 (1)}) ({RR} 8... Nc6 9. h3 b5 10. O-O b4 11. Nd5 Nxd5 12. Bxd5 Bb7 13. Re1 Rc8 14. a3 Qb6 15. Be3 bxa3 16. Rxa3 a5 17. Bxf7+ Rxf7 18. d5 Qb5 19. dxc6 Bxc6 20. Bd4 Bh6 21. Bc3 a4 22. Qd4 Rf6 23. Nh2 {½-½ Smirin,I (2614)-Bakalchuk,J (2438) ISR-chT Israel 2022 (1.5)}) 9. O-O e6 $146 ({RR} 9... b6 10. e5 dxe5 11. dxe5 Ng4 12. e6 Nde5 13. exf7+ Nxf7 14. Bxf7+ Kxf7 15. Ng5+ Ke8 16. Qxd8+ Kxd8 17. Nxh7 Rf5 18. Ng5 Bxc3 19. bxc3 Ba6 20. Rd1+ Ke8 21. f3 Nf6 22. Re1 Rc8 23. Ne6 Bc4 24. Ng7+ {1-0 Patel,Y (1782)-Yilmaz,F TUR-ch (Women) 2009 (1)}) ({RR} 9... Nb6 10. Be3 d5 11. exd5 Nbxd5 12. Bg5 Re8 13. Re1 Bg4 14. h3 Be6 15. Qd2 a6 16. Bh6 Qd6 17. Ne5 Rac8 18. Bxg7 Kxg7 19. Rac1 {½-½ Koubkova,A-Pekarkova,E CZE Czechia-ch U14/16 Girls 1993}) 10. Bf4 Nb6 11. a4 a5 12. Re1 d5 13. Nb5 Ne8 14. e5 Bd7 15. Bg5 f6 16. exf6 Bxf6 17. h4 Bxg5 18. Nxg5 Qf6 19. Qd2 h6 20. Nf3 Kg7 21. h5 gxh5 22. Bc2 Kh8 23. Ne5 Nc4 24. Nxc4 dxc4 25. Re5 Ng7 26. Ra3 Bc6 27. Rg3 Nf5 28. Bxf5 exf5 29. Nc7 f4 30. Rh3 Qg7 31. Nd5 f3 32. Rg3 Qh7 33. Re7 Rf7 34. Rxf7 Qxf7 35. Qxh6+ 1-0

[Event "Olympiad Women 2024"]
[Site "Budapest HUN"]
[Date "2024.09.11"]
[Round "1.28"]
[Board "1"]
[White "Urh, Zala"]
[Black "Feng, Eunice"]
[Result "1-0"]
[WhiteElo "2251"]
[BlackElo "1974"]
[PlyCount "41"]
[EventDate "2024.09.11"]
[WhiteTeam "Slovenia"]
[BlackTeam "Hong Kong, China"]
[WhiteTeamCountry "SLO"]

1. d4 f5 2. Bf4 Nf6 3. e3 g6 4. h4 d6 5. h5 Nxh5 6. Rxh5 gxh5 7. Qxh5+ Kd7 8. Qxf5+ e6 9. Qh3 c6 10. c4 $146 ({RR} 10. Bc4 Qe8 11. Nc3 Kc7 12. Qh2 b5 13. Be2 Nd7 14. O-O-O Nf6 15. Bg3 Bb7 16. Bf3 Rd8 17. e4 b4 18. Na4 Qg6 19. Nc5 Bc8 20. Kb1 Ng4 21. Qh4 Rg8 22. Nh3 Re8 23. Nf4 Qh6 24. Qxh6 Nxh6 {0-1 Zepke,A (2102)-Comes,B (2109) Arber op 4th 2015 (6)}) ({RR} 10. Nc3 Kc7 11. Qh2 Nd7 12. Nf3 Nf6 13. Ng5 Qe7 14. Nce4 Ng4 15. Qh5 e5 16. Bg3 Bf5 17. Nf7 Bxe4 18. Qxg4 Qxf7 19. Qxe4 exd4 20. Qxd4 Be7 21. O-O-O Rad8 22. Qxa7 Ra8 23. Qd4 Qg6 24. Kb1 h5 {1-0 Kumar,G (1934)-Dzhumaev,M (2386) 1st Meghalaya Int Open 2023 (9.8)}) 10... Qb6 11. Nd2 Na6 12. O-O-O Qa5 13. a3 Qf5 14. g4 Qf7 15. Ngf3 Bg7 16. Ne4 h5 17. Nxd6 Qg6 18. Bd3 Qxg4 19. Rg1 Qxh3 20. Rxg7+ Kd8 21. Bg5# 1-0